LEADER 02023nam0 2200457 i 450 001 VAN00113258 005 20240806100748.424 017 70$2N$a9783319094267 100 $a20180104d2015 |0itac50 ba 101 $aeng 102 $aCH 105 $a|||| ||||| 200 1 $aMovie analytics$ea Hollywood introduction to big data$f Dominique Haughton ... [et al.] 210 $a[Cham]$cSpringer$d2015 215 $aVIII, 64 p.$cill.$d24 cm 410 1$1001VAN00102916$12001 $aSpringerBriefs in statistics$1210 $aBerlin [etc.]$cSpringer$d2011- 500 1$3VAN00235155$aMovie analytics : a Hollywood introduction to big data$91522503 606 $a62-XX$xStatistics [MSC 2020]$3VANC022998$2MF 606 $a62P25$xApplications of statistics to social sciences [MSC 2020]$3VANC031206$2MF 606 $a91Cxx$xSocial and behavioral sciences: general topics [MSC 2020]$3VANC028018$2MF 606 $a91Fxx$xOther social and behavioral sciences (mathematical treatment) [MSC 2020]$3VANC025040$2MF 610 $aBase (IMDb)$9KW:K 610 $aBig Data$9KW:K 610 $aData Mining$9KW:K 610 $aInternet Movie Data$9KW:K 610 $aMovie Analytics$9KW:K 610 $aOscar prediction with data$9KW:K 610 $aPython and Gephi$9KW:K 610 $aText Mining$9KW:K 610 $aText Mining with SAS$9KW:K 620 $aCH$dCham$3VANL001889 702 1$aHaughton$bDominique$3VANV087384 712 $aSpringer $3VANV108073$4650 801 $aIT$bSOL$c20241115$gRICA 856 4 $uhttp://dx.doi.org/10.1007/978-3-319-09426-7$zE-book ? Accesso al full-text attraverso riconoscimento IP di Ateneo, proxy e/o Shibboleth 899 $aBIBLIOTECA DEL DIPARTIMENTO DI MATEMATICA E FISICA$1IT-CE0120$2VAN08 912 $fN 912 $aVAN00113258 950 $aBIBLIOTECA DEL DIPARTIMENTO DI MATEMATICA E FISICA$d08DLOAD e-book 0338 $e08eMF338 20180104 996 $aMovie analytics$91522503 997 $aUNICAMPANIA LEADER 02139nam0 2200445 i 450 001 VAN00133012 005 20250217043751.13 017 70$2N$a9783319071039 100 $a20210401d2014 |0itac50 ba 101 $aeng 102 $aCH 105 $a|||| ||||| 200 1 $aIntegrated Devices for Quantum Information with Polarization Encoded Qubits$eDoctoral Thesis accepted by Sapienza Università di Roma, Italy$fLinda Sansoni 210 $aCham$cSpringer$d2014 215 $axii, 140 p.$cill.$d24 cm 410 1$1001VAN00104193$12001 $aSpringer theses$erecognizing outstanding Ph.D. research$1210 $aBerlin$cSpringer$d2010- 500 1$3VAN00141092$aIntegrated Devices for Quantum Information with Polarization Encoded Qubits$91770504 606 $a81-XX$xQuantum theory [MSC 2020]$3VANC019967$2MF 606 $a81P45$xQuantum information, communication, networks (quantum-theoretic aspects) [MSC 2020]$3VANC030931$2MF 606 $a81V80$xQuantum optics [MSC 2020]$3VANC023592$2MF 610 $aAnderson localization$9KW:K 610 $aIntegrated Devices for Quantum Information Processing$9KW:K 610 $aLaser Writing$9KW:K 610 $aPhoton Polarization Qubit$9KW:K 610 $aPolarization Encoding$9KW:K 610 $aQuantum Information$9KW:K 610 $aQuantum Simulation$9KW:K 610 $aQuantum Transport$9KW:K 610 $aQuantum Walks$9KW:K 620 $aCH$dCham$3VANL001889 700 1$aSansoni$bLinda$3VANV106814$0791855 712 $aSpringer $3VANV108073$4650 801 $aIT$bSOL$c20250221$gRICA 856 4 $uhttp://doi.org/10.1007/978-3-319-07103-9$zE-book ? Accesso al full-text attraverso riconoscimento IP di Ateneo, proxy e/o Shibboleth 899 $aBIBLIOTECA DEL DIPARTIMENTO DI MATEMATICA E FISICA$1IT-CE0120$2VAN08 912 $fN 912 $aVAN00133012 950 $aBIBLIOTECA DEL DIPARTIMENTO DI MATEMATICA E FISICA$d08DLOAD e-book 2101 $e08eMF2101 20210401 996 $aIntegrated Devices for Quantum Information with Polarization Encoded Qubits$91770504 997 $aUNICAMPANIA LEADER 02411nam0 2200529 i 450 001 VAN00132648 005 20251015091211.569 017 70$2N$a9783030674281 100 $a20210322d2021 |0itac50 ba 101 $aeng 102 $aCH 105 $a|||| ||||| 181 $ai$b e 182 $ab 183 $acr 200 1 $aLiouville-Riemann-Roch Theorems on Abelian Coverings$fMinh Kha, Peter Kuchment 210 $aCham$cSpringer$d2021 215 $axii, 93 p.$d24 cm 461 1$1001VAN00102250$12001 $aLecture notes in mathematics$1210 $aBerlin [etc.]$cSpringer$v2245 500 1$3VAN00234352$aLiouville-Riemann-Roch Theorems on Abelian Coverings$94558484 606 $a35Axx$xGeneral topics in partial differential equations [MSC 2020]$3VANC022828$2MF 606 $a35Pxx$xSpectral theory and eigenvalue problems for partial differential equations [MSC 2020]$3VANC022123$2MF 606 $a58J05$xElliptic equations on manifolds, general theory [MSC 2020]$3VANC023134$2MF 610 $aAbelian Covering$9KW:K 610 $aElliptic operators$9KW:K 610 $aIndex Formula$9KW:K 610 $aLiouville theorem$9KW:K 610 $aPartial Differential Equations$9KW:K 610 $aPeriodic Operator$9KW:K 610 $aRiemann-Roch Theorem$9KW:K 610 $aSingularities of Solutions$9KW:K 610 $aSpectrum$9KW:K 620 $aCH$dCham$3VANL001889 700 1$aKha$bMinh$3VANV106476$0791289 701 1$aKuchment$bPeter A.$3VANV036998$01899200 712 $aSpringer $3VANV108073$4650 790 1$aKuchment, Peter Akiva$zKuchment, Peter A.$3VANV261873 790 1$aKuchment, P. A.$zKuchment, Peter A.$3VANV261874 790 1$aKuchment, P.A.$zKuchment, Peter A.$3VANV261875 801 $aIT$bSOL$c20260410$gRICA 856 4 $uhttp://doi.org/10.1007/978-3-030-67428-1$zE-book ? Accesso al full-text attraverso riconoscimento IP di Ateneo, proxy e/o Shibboleth 912 $fN 912 $aVAN00132648 950 $aBIBLIOTECA DEL DIPARTIMENTO DI MATEMATICA E FISICA$d08CONS e-book $e08LNM2245 20210322 950 $aBIBLIOTECA DEL DIPARTIMENTO DI MATEMATICA E FISICA$d08DLOAD e-book 8293 $e08eMF8293 20240430 996 $aLiouville-Riemann-Roch Theorems on Abelian Coverings$94558484 997 $aUNICAMPANIA